Osiedla Białegostoku (bez mapy) - Statystyki

Ogólne statystyki
  • Ten quiz został rozwiązany 63 razy
  • Średni wynik to 20 z 29
Statystyki odpowiedzi
Osiedle % Poprawnych
Centrum
95%
Nowe Miasto
88%
Dojlidy
86%
Antoniuk
83%
Zielone Wzgórza
79%
Przydworcowe
76%
Białostoczek
74%
Starosielce
74%
Wygoda
74%
Dziesięciny 1
71%
Dziesięciny 2
71%
Bojary
69%
Dojlidy Górne
69%
Mickiewicza
64%
Bacieczki
62%
Jaroszówka
62%
Leśna Dolina
62%
Młodych
62%
Piasta 1
62%
Piasta 2
62%
Zawady
62%
Sienkiewicza
60%
Słoneczny Stok
60%
Bema
57%
Skorupy
57%
Wysoki Stoczek
57%
Kawaleryjskie
55%
Piaski
55%
Bagnówka
45%
Nie znaleziono quizów pasujących do podanych kryteriów
Rozkład punktacji
Procent ludzi z każdym wynikiem
Percentyl według liczby udzielonych odpowiedzi
Twoja historia wyników
Nie rozwiązałeś tego quizu